<?xml version="1.0" encoding="UTF-8"?>
<collection xmlns:xsi="http://www.w3.org/2001/XMLSchema-instance" xsi:schemaLocation="http://www.loc.gov/MARC21/slim http://www.loc.gov/standards/marcxml/schema/MARC21slim.xsd" xmlns="http://www.loc.gov/MARC21/slim">
 <record>
  <leader>00000cab a22000003a 4500</leader>
  <controlfield tag="001">UP-99796217610368386</controlfield>
  <controlfield tag="003">Buklod</controlfield>
  <controlfield tag="005">20231008000713.0</controlfield>
  <controlfield tag="006">a    grb    001 u|</controlfield>
  <controlfield tag="007">ta</controlfield>
  <controlfield tag="008">120623s        xx     d | ||r |||||   ||</controlfield>
  <datafield tag="040" ind1=" " ind2=" ">
   <subfield code="a">DENG</subfield>
  </datafield>
  <datafield tag="041" ind1=" " ind2=" ">
   <subfield code="a">eng</subfield>
  </datafield>
  <datafield tag="100" ind1="0" ind2=" ">
   <subfield code="a">Wiebe, Lydell</subfield>
  </datafield>
  <datafield tag="245" ind1="0" ind2="0">
   <subfield code="a">Using Bézier curves to model gradual stiffness transitions in nonlinear elements</subfield>
   <subfield code="b">Application to self-centering systems.</subfield>
  </datafield>
  <datafield tag="300" ind1=" " ind2=" ">
   <subfield code="a">pp. 1535-1552</subfield>
  </datafield>
  <datafield tag="520" ind1=" " ind2=" ">
   <subfield code="a">A number of techniques are available for modelling nonlinear elements, but most available hysteretic rules do not capture the gradual stiffness changes that are typical of physical systems. In particular, there has not previously been a hysteretic rule with rounded hysteretic corners that could be used to model self-centering elements, where multiple stiffness changes occur within one loading cycle. This paper presents a new hysteretic rule that allows the gradual stiffness transitions that occur in real systems to be modelled. In this paper, the rule is formulated for flag-shaped hystereses, but it is shown that the same model also produces hystereses that can be used to model systems that are not self-centering. The same technique could also be applied to round the corners of different backbone hystereses.  A previous study has shown how abrupt stiffness changes can cause very large acceleration spikes, particularly in self-centering systems. This paper shows that acceleration spikes due to stiffness changes may be reduced by designing systems to change stiffness more gradually, and that this typically has little effect on other aspects of the seismic response. When modelling structural systems, especially if they are self-centering, sharp-cornered hysteretic models may be used for initial analysis, but round-cornered hysteretic models should be considered when using nonlinear rotational springs or when accelerations are of particular importance.</subfield>
  </datafield>
  <datafield tag="653" ind1=" " ind2=" ">
   <subfield code="a">Hysteresis.</subfield>
  </datafield>
  <datafield tag="653" ind1=" " ind2=" ">
   <subfield code="a">Nonlinear dynamic response.</subfield>
  </datafield>
  <datafield tag="653" ind1=" " ind2=" ">
   <subfield code="a">Numerical analysis.</subfield>
  </datafield>
  <datafield tag="653" ind1=" " ind2=" ">
   <subfield code="a">Stiffness transitions.</subfield>
  </datafield>
  <datafield tag="653" ind1=" " ind2=" ">
   <subfield code="a">Self-centering systems.</subfield>
  </datafield>
  <datafield tag="653" ind1=" " ind2=" ">
   <subfield code="a">Accelerations.</subfield>
  </datafield>
  <datafield tag="773" ind1="0" ind2=" ">
   <subfield code="t">Earthquake engineering &amp; structural dynamics.</subfield>
   <subfield code="g">40, 14 (2011).</subfield>
  </datafield>
  <datafield tag="905" ind1=" " ind2=" ">
   <subfield code="a">FO</subfield>
  </datafield>
  <datafield tag="852" ind1=" " ind2=" ">
   <subfield code="a">UPD</subfield>
   <subfield code="b">DENG</subfield>
  </datafield>
  <datafield tag="942" ind1=" " ind2=" ">
   <subfield code="a">Article</subfield>
  </datafield>
 </record>
</collection>
